000
00327nam a2200145Ia 4500
100
_a
Shotwell/Allen R
942
_c
BK
366
_f
15
654
_a
fibre
245
_a
Introduction to Fibre Optics
260
_b
Prentice Hall of India
_a
New Delhi
_c
1997
082
_a
621.380/SHO
_b
SHO
300
_a
173
546
_a
ENGLISH
999
_c
33462
_d
33462